书目信息 |
| 题名: |
新编日本语能力考试3、4级词汇训练
|
|
| 作者: | 刘卫刚 主编 | |
| 分册: | ||
| 出版信息: | 上海 东华大学出版社 2007.01 |
|
| 页数: | 192页 | |
| 开本: | 23cm | |
| 丛书名: | 新编日本语能力考试系列丛书 | |
| 单 册: | ||
| 中图分类: | H363.1-44 | |
| 科图分类: | ||
| 主题词: | 日语--ri yu--词汇--水平考试--习题 | |
| 电子资源: | ||
| ISBN: | 978-7-81111-171-2 | |
| 000 | 01069nam 2200265 450 | |
| 001 | 012008061590 | |
| 005 | 20080604104410.28 | |
| 010 | @a978-7-81111-171-2@dCNY20.00 | |
| 100 | @a20080603d2007 em y0chiy0120 ea | |
| 101 | 0 | @achi@ajpn |
| 102 | @aCN@b310000 | |
| 105 | @ay q 000yy | |
| 106 | @ar | |
| 200 | 1 | @a新编日本语能力考试3、4级词汇训练@Axin bian ri ben yu neng li kao shi 3、4 ji ci hui xun lian@f刘卫刚主编@Fliu wei gang zhu bian |
| 210 | @a上海@c东华大学出版社@d2007.01 | |
| 215 | @a192页@d23cm | |
| 225 | 2 | @a新编日本语能力考试系列丛书@Axin bian ri ben yu neng li kao shi xi lie cong shu |
| 330 | @a本书精心搜集了诸多不同单词中相同汉字的音读或训读,通过同义词罗列,反义词对照,形似词排比等方法,使读者直观比对。 | |
| 410 | 0 | @12001 @a新编日本语能力考试系列丛书 |
| 517 | 1 | @a日本语能力考试3、4级词汇训练@Ari ben yu neng li kao shi 3、4 ji ci hui xun lian |
| 606 | 0 | @a日语@Ari yu@x词汇@x水平考试@j习题 |
| 690 | @aH363.1-44@v4 | |
| 701 | 0 | @a刘卫刚@Aliu wei gang@4主编 |
| 801 | 0 | @aCN@bQSSK@c20080604 |
| 905 | @b721715-17@dH363.1-44@eL681@f3 | |
| 新编日本语能力考试3、4级词汇训练/刘卫刚主编.-上海:东华大学出版社,2007.01 |
| 192页;23cm.-(新编日本语能力考试系列丛书) |
| ISBN 978-7-81111-171-2:CNY20.00 |
| 本书精心搜集了诸多不同单词中相同汉字的音读或训读,通过同义词罗列,反义词对照,形似词排比等方法,使读者直观比对。 |
| ● |
| 相关链接 |
|
|
|
正题名:新编日本语能力考试3、4级词汇训练
索取号:H363.1-44/L681
 
预约/预借
| 序号 | 登录号 | 条形码 | 馆藏地/架位号 | 状态 | 备注 |
| 1 | 721715 | 207217153 | 语言库209/ [索取号:H363.1-44/L681] | 在馆 | |
| 2 | 721716 | 207217162 | 语言库209/209语言库 128排1列4层/ [索取号:H363.1-44/L681] | 在馆 | |
| 3 | 721717 | 207217171 | 语言库209/209语言库 128排1列4层/ [索取号:H363.1-44/L681] | 在馆 |